00682 2200193 4500001002100000005001700021008004100038035002500079040001200104082001300116090002200129100002100151245013400172260007500306300003600381650004100417850001200458990001800470YOGYA-0113000000065420150227141708.0 ind  a0010-011300000000654 aYOPDYOG a613.0438 aSK 613.0438 Dwi K aDWI PURWANINGSIH aKonsumsi serat dan kaitannya dengan konstipasi pada lanjut usia 65-70 tahun di Desa Banyuraden, Gamping, SlemancDwi Purwaningsih aYogyakartabDepartemen Kesehatan Republik Indonesia Akademi Gizic1999 aviii,25 lbrbilus. lamp.c29 cm aUsia lanjut-kesehatan dan kebersihan aYOPDYOG a42709.PD/A.12